000 00336nam a2200133Ia 4500
008 210428s9999 xx 000 0 und d
020 _a0-7106-2700-9
082 _a660 J331 J
100 _aShaun C CONNORS
_952181
245 0 _aMilitary Vehicles and Logistics 2005-2006
260 _bJones
_aUK
_c2005
300 _a973p
942 _cBK
999 _c559947
_d559947